00814nam a22002177a 4500999001900000005001700019010001500036020003100051035001400082037001300096082000800109245013200117260003000249270006800279300002400347500003700371700002500408700002100433942002200454952012000476 c167407d16740720220215152049.0 aENG-126384 c1395.00a978-93-5290-597-3 aEN-109916 bDBAD/PUB a954 aEarly Indian History And Beyond:bEssays in Honour of B.D. Chattopadhyaya/cedited by Osmund Bopearachchi [and] Suchandra Ghosh bPrimus Booksc2019aDelhi aVirat Bhavan, Mukherjee Nagar Commercial ComplexbDelhie110009 axiii592p.c24cm(hb) aIncludes index and bibliography. aBopearachchi, Osmund aGhosh, Suchandra 2ddccENh954mEAR 001040708NFICaAVbAVd2019-08-30eDBAD/PUBg1395.00l0o954 EARpEN-109916r2019-08-30 00:00:00t1v1395.00yEN